00634nam a2200133Ia 4500008004100000100002800041245015400069245012100223260005300344260001900397300000800416650001500424856006100439170221s9999 xx 000 0 und d aAbdul Malek Abdul Karim aAcademic Programme Internationalisation: The Setting Up Of Guidelines for International Students Admission Requirements to Universiti Utara Malaysia  cAbdul Malek Abdul Karim, Che Su Mustaffa, Khaliza Saidin, Awanis Ku Ishak, Mohd Azri Md Nazir, Abdul Rahman Mohd Isa bInternational Review of Management and Marketing cSeptember 2016 a5:3 xMarketing. uhttp://www.econjournals.com/index.php/irmm/issue/view/91